000
00262nam a22001217a 4500
020
_a
600-34086-4
082
_a
635 HEL'G
100
_a
HELLYER, ARTHUR
_9
75984
245
_a
GARDENS OF GENIUS
260
_a
LONDON
_b
HAMLYIN
_c
1980
300
_a
223P
942
_c
BK
999
_c
581387
_d
581387